|
|
|
|
| LEADER |
00000cam a2200000 4500 |
| 001 |
vtls012081196 |
| 003 |
SK-MaSNL |
| 005 |
20260302062028.0 |
| 008 |
211217s2021 xo a grn 000 0 slo |
| 015 |
|
|
|a SNBA2022/03
|
| 020 |
|
|
|a 9788097392413
|q (brožované)
|
| 040 |
|
|
|a SNK
|b slo
|c SNK
|e rda
|
| 041 |
0 |
|
|a slo
|
| 044 |
|
|
|a xo
|c SK
|
| 072 |
|
7 |
|a 75
|x Maliarstvo
|2 konspekt
|
| 080 |
|
|
|a 7.071
|2 2011
|
| 080 |
|
|
|a 75(437.6)
|2 2011
|
| 080 |
|
|
|a (084.11)
|2 2011
|
| 080 |
|
|
|a (048.8)
|2 2011
|
| 080 |
|
|
|a 75.071.1
|2 2011
|
| 100 |
1 |
|
|a Čarná, Daniela,
|d 1977-
|4 aut
|9 110950
|
| 245 |
1 |
0 |
|a Čím chceš byť? Umelec?
|b detská tvorba umelcov
|c Daniela Čarná, Lucia Kotvanová
|
| 250 |
|
|
|a Prvé vydanie
|
| 264 |
|
1 |
|a Bratislava
|b Slovart
|c 2021
|
| 300 |
|
|
|a 239 strán
|b farebné ilustrácie
|c 26 cm
|
| 336 |
|
|
|a text
|b txt
|2 rdacontent
|
| 336 |
|
|
|a statický obraz
|b sti
|2 rdacontent
|
| 337 |
|
|
|a bez média
|b n
|2 rdamedia
|
| 338 |
|
|
|a zväzok
|b nc
|2 rdacarrier
|
| 366 |
|
|
|e 800 kusov
|
| 500 |
|
|
|a Obsahuje biografické údaje o autorkách
|
| 504 |
|
|
|a Obsahuje bibliografiu na strane 238-239 ; bibliografické odkazy
|
| 650 |
0 |
7 |
|a umelci
|2 SNKPH
|9 2894
|
| 650 |
0 |
7 |
|a maliari
|2 SNKPH
|9 3150
|
| 650 |
0 |
7 |
|a slovenské maliarstvo
|2 SNKPH
|9 3124
|
| 650 |
0 |
7 |
|a Artists
|2 SNKPHeng
|9 265151
|
| 650 |
0 |
7 |
|a Painters
|2 SNKPHeng
|9 99679
|
| 650 |
0 |
7 |
|a Slovak painting
|2 SNKPHeng
|9 302574
|
| 655 |
|
7 |
|a obrazové publikácie
|2 SNKPH
|9 70343
|
| 655 |
|
7 |
|a monografie
|2 SNKPH
|9 70139
|
| 655 |
|
7 |
|a Pictorial works
|2 SNKPHeng
|9 284468
|
| 655 |
|
7 |
|a Monographs
|2 SNKPHeng
|9 120675
|
| 700 |
1 |
|
|a Kotvanová, Lucia,
|d 1988-
|4 aut
|9 218565
|
| 852 |
|
|
|a Štátna vedecká knižnica v Banskej Bystrici
|
| 919 |
|
|
|a 978-80-973924-1-3
|
| 958 |
|
|
|a NB
|
| 999 |
|
|
|c 1127705
|d 1129635
|
| 952 |
|
|
|a SNK
|b SNK
|y PREZ
|7 0
|p 17A1471453
|o snkSB 97680
|i snk2022/1652
|8 0
|0 0
|1 0
|4 0
|d 2022-01-31
|f 1
|l 0
|r 2025-05-16 00:00:00
|w 2026-02-24
|
| 952 |
|
|
|a SNK
|b SNK
|y VYP
|7 0
|p 17A1471454
|o snkSB 97680 D1
|i snk2022/1653
|8 0
|0 0
|1 0
|4 0
|d 2022-01-31
|l 0
|r 2026-02-24 18:51:35
|w 2026-02-24
|